Základné ukazovatele za ubytovacie zariadenia cestovného ruchu SR za 1.-4. štvrťrok 1998

Enregistré dans:
Détails bibliographiques
Format: Livre
Langue:slovaque
anglais
Publié: Bratislava Štatistický úrad Slovenskej republiky 1999
Collection:Vnútorný obchod a služby
Sujets:
Tags: Ajouter un tag
Pas de tags, Soyez le premier à ajouter un tag!

MARC

LEADER 00000nam a2200000 4500
001 c108697
005 20260219133607.5
041 0 |a slo 
041 0 |a eng 
044 |a SK 
245 1 0 |a Základné ukazovatele za ubytovacie zariadenia cestovného ruchu SR za 1.-4. štvrťrok 1998 
264 1 |a Bratislava  |b Štatistický úrad Slovenskej republiky  |c 1999 
300 |a 63 s. 
490 1 |a Vnútorný obchod a služby 
830 0 |a Vnútorný obchod a služby 
610 2 0 |a Slovensko 
610 2 0 |a ruch cestovný 
610 2 0 |a zariadenia ubytovacie